Economic value added as a modern method of measuring business performance

Sledovanie výkonnosti spoločností. Hodnotenie výkonnosti s použitím ukazovateľa ekonomickej pridanej hodnoty EVA - Economic Value Added. Nové prístupy v monitorovaní výkonnosti spoločnosti založené na tradičnom systéme (spoločnosť musí dosiahnuť požadované finančné ukazovatele - zisk, obrat alebo po...

Descripción completa

Guardado en:
Detalles Bibliográficos
Autor principal: Jančovičová, Monika, 1991-
Otros Autores: Kováčiková, Kristína
Formato: Capítulo de libro
Lenguaje:inglés
Materias:
Etiquetas: Agregar Etiqueta
Sin Etiquetas, Sea el primero en etiquetar este registro!

MARC

LEADER 00000nla a2200000 4500
001 0238691
005 20240502073849.3
041 0 |a eng 
044 |a SK 
245 1 0 |a Economic value added as a modern method of measuring business performance  |c Monika Jančovičová, Kristína Kováčiková 
520 |a Sledovanie výkonnosti spoločností. Hodnotenie výkonnosti s použitím ukazovateľa ekonomickej pridanej hodnoty EVA - Economic Value Added. Nové prístupy v monitorovaní výkonnosti spoločnosti založené na tradičnom systéme (spoločnosť musí dosiahnuť požadované finančné ukazovatele - zisk, obrat alebo podiel na trhu), doplnené modernou metódou hodnotenia výkonnosti, ktorá spočíva na predpoklade, že spoločnosť je efektívna, ak dokáže dosiahnuť vopred stanovené strategické ciele. 
610 2 0 |a zisk ekonomický 
610 2 0 |a hodnota pridaná ekonomická 
610 2 0 |a výkonnosť podniku 
610 2 0 |a výsledok hospodársky 
610 2 0 |a metódy ohodnocovania 
610 2 0 |a metódy ekonometrické 
100 1 |a Jančovičová, Monika, 1991- 
700 1 |a Kováčiková, Kristína